Pages de début (notice n° 2057417)

détails MARC
000 -LEADER
fixed length control field 02201cam a2200181 4500500
005 - DATE AND TIME OF LATEST TRANSACTION
control field 20260405002412.0
041 ## - LANGUAGE CODE
Language code of text/sound track or separate title fre
042 ## - AUTHENTICATION CODE
Authentication code dc
100 10 - MAIN ENTRY--PERSONAL NAME
Personal name Masset, Claude
Relator term author
245 00 - TITLE STATEMENT
Title Pages de début
260 ## - PUBLICATION, DISTRIBUTION, ETC.
Date of publication, distribution, etc. 2026.<br/>
500 ## - GENERAL NOTE
General note 98
520 ## - SUMMARY, ETC.
Summary, etc. Alors que les enfants et les adolescents se trouvent instrumentalisés dans les contextes de guerres, dans les rouages des sociétés marchandes, au sein des familles en souffrance ; nous recevons, à l’Aide Sociale à l’Enfance, de nombreuses familles en errance politique, sociale, économique, psychologique… Nous observons, en prise directe avec notre terrain, les mécanismes et les transactions de la violence. Comment ces enfants, en situation de perte, voire d’attaque du groupe d’appartenance culturelle, grandissent-ils en lien avec leurs familles et les institutions qui les accompagnent ?
520 ## - SUMMARY, ETC.
Summary, etc. While children and adolescents are always instrumentalized, in wars, in the workings of commercial societies, in families ; we receive, at Child Welfare Service, many families who are politically, socially, economically, psychologically wandering… Here, in the heart of the matter, we observe the mechanisms and transactions of violence. How do these children, in a situation of loss, or even attack, of the group of cultural belonging, grow up between their families and the institutions ?
520 ## - SUMMARY, ETC.
Summary, etc. Mientras que los niños y adolescentes son instrumentalizados en contextos de guerra, en los engranajes de las sociedades mercantiles, en el seno de familias que sufren, en los servicios de protección de la infancia recibimos a numerosas familias en situación de desamparo político, social, económico, psicológico… Observamos, en nuestra práctica de terreno, los mecanismos y las transacciones de la violencia. ¿Cómo crecen estos niños, en situación de pérdida, o incluso de ataque al grupo cultural al que pertenecen, en relación con sus familias y las instituciones que los acompañan?
786 0# - DATA SOURCE ENTRY
Note Les Politiques Sociales | 3-4 | 3 | 2026-02-26 | p. 1-4 | 1374-1942
856 41 - ELECTRONIC LOCATION AND ACCESS
Uniform Resource Identifier <a href="https://shs.cairn.info/revue-les-politiques-sociales-2025-3-page-1?lang=fr&redirect-ssocas=7080">https://shs.cairn.info/revue-les-politiques-sociales-2025-3-page-1?lang=fr&redirect-ssocas=7080</a>

Pas d'exemplaire disponible.

PLUDOC

PLUDOC est la plateforme unique et centralisée de gestion des bibliothèques physiques et numériques de Guinée administré par le CEDUST. Elle est la plus grande base de données de ressources documentaires pour les Étudiants, Enseignants chercheurs et Chercheurs de Guinée.

Adresse

627 919 101/664 919 101

25 boulevard du commerce
Kaloum, Conakry, Guinée

Réseaux sociaux

Powered by Netsen Group @ 2025